Est-ce légal là-bas ? - Statistiques

Statistiques générales
  • Ce quiz a été pris 1 383 fois
  • Le résultat moyen est 10 sur 15
Statistiques - réponses
Question Réponse % Correct
Est-il légal d'avorter dans tous les états des États-Unis ? Non
94%
Est-il légal de rouler à 200 km/h sur les autoroutes allemandes ? Oui
92%
Est-il légal de traverser la frontière franco-belge sans montrer de passeport ? Oui
90%
Est-il légal pour une femme iranienne d'apparaître en public sans son voile ? Non
88%
Est-il légal de prendre des selfies avec les statues du Bouddha au Sri Lanka ? Non
81%
Est-il légal de mâcher du chewing-gum à Singapour ? Non
80%
Est-il légal pour deux hommes de se marier au Japon ? Non
73%
Est-il légal de fumer du cannabis au Canada ? Oui
72%
Est-il légal pour un français de voyager en Corée du Nord ? Oui
68%
Est-il légal de se marier avec son cousin germain en France ? Oui
54%
Est-il légal d'avoir un ornithorynque de compagnie en Australie ? Non
50%
Est-il légal en Belgique de s'évader de prison ? Oui
44%
Est-il légal pour un musulman de devenir président du Liban ? Non
39%
Est-il légal de jouer à JetPunk en Chine ? Oui
38%
Est-il légal de se prostituer à Las Vegas ? Non
31%
Aucun quiz correspondant
Distribution des résultats
% des personnes avec chaque résultat
Percentile par nombre de réponses
Votre historique - résultats
Vous n’avez pas pris ce quiz